000
00337 a2200145 4500
001
154183
040
_c
Escola São Tomás de Aquino
100
_a
SABINO, Fernando
240
1
0
_a
A vitória da infância
_l
por
245
1
0
_a
A vitória da infância
300
_a
166
362
0
_a
1995
697
_a
LITERATURA BRASILEIRA
942
_c
BK
999
_c
154183
_d
154183